Les polítiques afirmatives de joventut : una proposta per a la nova condició juvenil : document final = Las políticas afirmativas de juventud : una propuesta para la nueva condición juvenil : documento final una proposta per a la nova condició juvenil :
Descripción Física:
54, 57 p. ; 21 cm
Materias:
Política de la joventut
MARC
| LEADER | 00000nam a2200000Ia 4500 | ||
|---|---|---|---|
| 001 | 16075 | ||
| 008 | 160829s1999 xx 000 0 cat d | ||
| 080 | |a S-1-197 | ||
| 245 | |a Les polítiques afirmatives de joventut : |b una proposta per a la nova condició juvenil : |b document final = Las políticas afirmativas de juventud : |b una propuesta para la nueva condición juvenil : |b documento final | ||
| 260 | |a [Barcelona] : |b Ajuntament de Barcelona : |b Diputació de Barcelona, |c 1999 | ||
| 300 | |a 54, 57 p. ; |c 21 cm | ||
| 590 | |a Publicació capiculada. | ||
| 590 | |a Text en català i castellà | ||
| 650 | 0 | |a Política de la joventut |9 20537 | |
| 710 | 1 | |a Barcelona (Catalunya). |b Ajuntament |9 50981 | |
| 710 | 1 | |a Barcelona (Catalunya : Província). |b Diputació |9 52408 | |
| 901 | |a Arxiu | ||
| 942 | |n 1 | ||
| 952 | |0 0 |1 0 |4 0 |6 S1197 |7 1 |9 43758 |a Arxiu |b Arxiu |d 2016-12-01 |l 0 |o S-1-197 |p 16075 |r 2016-12-01 00:00:00 |w 2016-12-01 |y ARXIU | ||
| 999 | |c 46306 |d 46306 | ||